000 00872cab a2200241 4500
001 WB3319-14
008 090401t1997 xxu||||| |||| 00| 0 eng d
035 _a(Sirsi) u78328
041 _aeng
245 _aLondon office space in demand
260 _c1997
350 _a0
490 _aFinancial Times
_v13 May 1997, 11(1)
520 _aThe London office market has seen a 25 per cent growth in relocations and a 30 per cent growth in active office requirements for the year to March 1997, according to a study by Applied Property Research.
650 _aAPPLIED PROPERTY RESEARCH
650 _aCENTRAL LONDON
650 _aFORECASTS
650 _aPROPERTY-COMMERCIAL PROPERTY-OFFICE PROPERTY-OFFICE PROPERTY MARKET
650 _aSUPPLY AND DEMAND
690 _aPROPERTY-COMMERCIAL PROPERTY-COMMERCIAL PROPERTY MARKET
942 _n0
948 _c15/05/1997
999 _c49294
_d49294